Great Literature #19 - Statistics

General Stats
  • This quiz has been taken 231 times
  • The average score is 10 of 20
Answer Stats
Hint Explanation Answer % Correct
Charles Dickens 1859 A Tale of Two Cities
95%
H. G. Wells 1895 The Time Machine
86%
Mark Twain 1883 Life on the Mississippi
84%
John Calvin 1536 (Institutio Christianae Religionis) Institutes of the Christian Religion
65%
Robert Frost 1915 The Road not Taken
65%
Thomas Paine 1791 Rights of Man
61%
Philip Roth 1969 Portnoy’s Complaint
59%
Toni Morrison 1977 Song of Solomon
59%
John F. Kennedy 1956 Profiles in Courage
52%
Upton Sinclair 1906 The Jungle
50%
Saul Bellow 1964 Herzog
40%
William Faulkner 1932 Light in August
40%
Irma S. Rombauer, Marion Rombauer Becker, Ethan Becker 1931 Joy of Cooking
36%
Malcolm Gladwell 2000 The Tipping Point
36%
Anthony Powell 1951-1975 (twelve volumes, published serially) A Dance to the Music of Time
32%
Ford Madox Ford 1924-1928 (four volumes, published serially) Parade’s End
31%
Erasmus 1509 (Stultitiae Laus) The Praise of Folly
19%
Barbara Tuchman 1962 The Guns of August
16%
Ryszard Kapuściński 1978 (Cesarz) The Emperor
14%
Robert Nisbet 1953 The Quest for Community
14%
No matching quizzes found
Score Distribution
Percent of People with Each Score
Percentile by Number Answered
Your Score History
You have not taken this quiz